000
00211nam a2200097Ia 4500
008
240331s9999 xx 000 0 und d
082
_b
FEM
100
_a
Elam, D. ed
245
0
_a
Feminism Beside itself
942
_c
L
999
_c
1905
_d
1905